| 000 | 00786nam a22001697a 4500 | ||
|---|---|---|---|
| 003 | BD-DhUL | ||
| 005 | 20161009184024.0 | ||
| 008 | 161005s1980 bg ||||| |||| 00| 0 ben d | ||
| 040 |
_aBD-DhUL _cBD-DhUL |
||
| 082 |
_a297.12 _bQUQ |
||
| 245 |
_aকুরআনুল করীম : _cআমপারা - সূরা ফাতিহা এবং সূরা নাবা হইতে সূরা নাস এর মূল আরবীসহ বাংলা তরজমা / |
||
| 260 |
_aঢাকা : _bইসলামিক ফাউন্ডেশন বাংলাদেশ , _c১৯৮০ |
||
| 300 |
_a১১৩ পৃ. : _c২৫ সে.মি. |
||
| 650 | 0 | _aকোরআন ও জীবন-দর্শন | |
| 650 | 0 | _aQuran and philosophy of life | |
| 942 |
_2ddc _cBK |
||
| 999 |
_c107759 _d107759 |
||